<An> Equilibrium Existence result for an economy with land

Enregistré dans:
Détails bibliographiques
Auteur principal: Berliant, Marcus C.
Format: Livre
Langue:anglais
Publié: Rochester University 1983
Collection:Discussion Paper 83-7
Tags: Ajouter un tag
Pas de tags, Soyez le premier à ajouter un tag!

MARC

LEADER 00000nam a2200000 4500
001 c113581
005 20181203150322.6
041 0 |a eng 
044 |a US 
245 1 0 |a <An> Equilibrium Existence result for an economy with land  |c Marcus C. Berliant 
264 1 |a Rochester  |b University  |c 1983 
300 |a 66 s. 
490 1 |a Discussion Paper  |v 83-7 
830 0 |a Discussion Paper  |v 83-7 
100 1 |a Berliant, Marcus C.